Guess the Travis Scott song by lyrics - Statistics

General Stats
  • This quiz has been taken 69 times
  • The average score is 5 of 15
Answer Stats
Hint Answer % Correct
Now I got her in my room (ah)Legs wrapped around my beard Highest in the room
66%
Plus she know my baby mama is a trophyShe be throwing up them B's, feel like we both bleed Stargazing
61%
It's the rodeo, time to get startedHouston - goin' James Harden Pornography
51%
That's a vibe, that's a one-of-one (vibe), yeah 4x4
49%
We ain't been speaking and that meantYou feeling free in my absence Coffee bean
43%
Going donuts, coffee couldn't help now (La Flame)How we zoned out, made it out the wood now I can tell
31%
Dropped the Rodeo, I dodged a bull like olé way back
31%
Had to cut my phone off, bih got it vibratin' on me like a beeper (brr, ha) Mamacita
30%
Me and Jacques going brazyMe and Chase going brazy (straight up!) Coordinate
28%
I'm outside like I'm on patrolI hear the zeitgeist, now I'm in the zone Modern jam
26%
Over the garden, over the garden, oh what a goddessOn my province, we don't do massages, just "ménages" Sloppy toppy
18%
House full of snow bunnies, puttin' trees up like it's Christmas Easter The prayer
16%
We go back like futons and coupons lose
13%
Hatin', but they're still tryna take our cadence (woah)You're basic, brand new 'Rari when I'm racin' Wasted
10%
Follow all the vibes, I'm in every cityGamble with your life, thinkin' 'bout it, woadie Looove
8%
No matching quizzes found
Score Distribution
Percent of People with Each Score
Percentile by Number Answered
Your Score History
You have not taken this quiz